000 01018naa a22002657a 4500
001 BR8108434
003 BR-BrBNA
005 20250721143148.0
007 ta
008 250630b bl.|||m| |||| 00| 0 por d
040 _aBR-BrBNA
_bpor
_cBiblioteca Nacional de Agricultura
041 _a(Pt)
072 _aH10
_b4020
090 _aH10 BR8108434
100 1 _aMariconi, F.A.M.
111 1 _aReuniao Tecnica sobre: Formigas Cortadeiras em Povoamentos Florestais
_cCampo Grande, MS (Brazil)
_d1-2 Oct 1981
245 1 _aAs sauvas
500 _aReuniao Tecnica sobre: Formigas Cortadeiras em Povoamentos Florestais Piracicaba, SP (Brasil): 1981. p. 1-8 (BR8108434-AMS)
773 0 _tReuniao Tecnica sobre: Formigas Cortadeiras em Povoamentos Florestais
_wH10 BR8108434
_gPiracicaba, SP (Brasil), 1981. p. 1-8
650 _aSAUVA
650 _aBIOLOGIA
490 _aSerie Tecnica - Instituto de Pesquisas e Estudos Florestais (Brazil)
_vv. 2(7)
942 _cAMS
_2AGRIS
909 _a202506
_bLúcia
_c55
_dLúcia Elande
999 _c334029
_d334029